000 00329nam a22001457a 4500
008 211011b ||||| |||| 00| 0 eng d
020 _a9780452270848
041 _aeng
080 _a612.39
082 _a612.39
100 _a10
101 _aNUT
245 _aBreaking Free From Compulsive Eating
_cRoth,G
942 _2udc
_cBK
999 _c58140
_d58140